British Cities - Sudden Death - Statistics

General Stats
  • This quiz has been taken 89,863 times
    85,531 since last reset
  • The average score is 10 of 24
Answers on the Grid
Answers color-coded by a green-red scale on the quiz's grid according to % correct below.
Aberdeen
Birmingham
Brisbane
Bristol
Cairns
Calgary
Cardiff
Chelmsford
Colchester
Cornwall
Coventry
Derby
Dublin
Edinburgh
Fredericton
Georgetown
Glasgow
Invercargill
Leeds
Leicester
Lethbridge
Liverpool
London
Manchester
Moncton
Norwich
Nottingham
Peterborough
Plymouth
Poughkeepsie
Puddingcastle
Salisbury
Sheffield
Southampton
Southwich
Stockholm
Swansea
Worcester
Yorkshire
 
Answer Stats
Answer % Correct
Birmingham
85%
Bristol
83%
Cardiff
75%
Aberdeen
73%
Coventry
44%
Colchester
41%
Derby
41%
Edinburgh
41%
London
41%
Liverpool
40%
Leeds
39%
Manchester
39%
Glasgow
38%
Leicester
37%
Nottingham
37%
Plymouth
34%
Sheffield
34%
Norwich
33%
Southampton
33%
Chelmsford
30%
Swansea
30%
Worcester
27%
Peterborough
24%
Salisbury
24%
No matching quizzes found
Score Distribution
Percent of People with Each Score
Percentile by Number Answered
Your Score History
You have not taken this quiz since the last reset